Trees by Picture - Statistics

General Stats
  • This quiz has been taken 55 times
  • The average score is 10 of 14
Answer Stats
Picture Answer % Correct
Palm
100%
Oak
95%
Maple
90%
Pine
90%
Birch
83%
Bonsai
83%
Sequoia
75%
Christmas
73%
Baobab
63%
Holly
53%
Joshua
48%
Fir
45%
Tulip(Poplar)
30%
Socotra Dragon
28%
No matching quizzes found
Score Distribution
Percent of People with Each Score
Percentile by Number Answered
Your Score History
You have not taken this quiz